000 00428nam a2200145Ia 4500
008 210210b1980 xxu||||| |||| 00| 0 eng d
082 _a541.224 SINM
100 _aSINGH (P R) & DIKSHIT (S K).
245 _aMolecular spectroscopy: principles & chemical applications.
260 _aN D
_bS. Chand & Co. Ltd.
_c1980
300 _avii,125
650 _aMolecular Spectroscopy
690 _aTheoretical Chemistry
906 _a034550
999 _c85318
_d85318